[Event "AUTO-OPEN-256"]
[Site "http://www.queenalice.com/game.php?id=65035"]
[Date "2006.4.23"]
[Round "1"]
[White "serginh0w"]
[Black "alicor"]
[Result "0-1"]
[WhiteElo "1590"]
[BlackElo "1326"]

1. Nf3 d5 2. e3 Nf6 3. c4 Bg4 4. Nc3 e5 5. h3 Bh5 6. d4 e4 7. g4 exf3 8. gxh5
Bb4 9. Qxf3 Ne4 10. a3 Bxc3+ 11. bxc3 c6 12. a4 Qa5 13. Ra3 Nd7 14. cxd5 cxd5
15. Bb5 Rd8 16. Qf4 a6 17. Bd3 Ndf6 18. Qh4 Nxc3 19. Bd2 Rc8 20. Rg1 Nfe4 21.
Bxe4 dxe4 22. Rxg7 Qb4 23. Ra1 Qc4 24. Qg4 f5 25. Rc1 fxg4 26. Rxc3 Qxc3 27.
Bxc3 Rxc3 28. Rxg4 Rf8 29. Rxe4+ Kd7 30. Kd2 Ra3 31. f4 Rg8 32. Ke2 Rxa4 33. Kf3
Ra5 0-1

[Event "AUTO-OPEN-256"]
[Site "http://www.queenalice.com/game.php?id=65036"]
[Date "2006.4.23"]
[Round "1"]
[White "alicor"]
[Black "serginh0w"]
[Result "0-1"]
[WhiteElo "1500"]
[BlackElo "1561"]

1. e4 e5 2. Nf3 Nc6 3. Bb5 a6 4. Bxc6 dxc6 5. Nxe5 Qd4 6. Nd3 Qxe4+ 7. Qe2 Qxe2+
8. Kxe2 Nf6 9. Re1 Bd6 10. Kf1+ Be6 11. Ne5 O-O 12. d3 h6 13. Nc3 Rfe8 14. Nc4
Bxh2 15. g3 Bh3# 0-1

[Event "AUTO-OPEN-256"]
[Site "http://www.queenalice.com/game.php?id=65045"]
[Date "2006.4.23"]
[Round "1"]
[White "Jaspode"]
[Black "alicor"]
[Result "0-1"]
[WhiteElo "1368"]
[BlackElo "1571"]

1. e4 e5 2. Nf3 Nc6 3. Bc4 d6 4. h3 h6 5. O-O Nf6 6. Nc3 Qe7 7. Bd5 Nb4 8. a3
Nbxd5 9. Nxd5 Nxd5 10. exd5 Qf6 0-1

[Event "AUTO-OPEN-256"]
[Site "http://www.queenalice.com/game.php?id=65046"]
[Date "2006.4.23"]
[Round "1"]
[White "alicor"]
[Black "Jaspode"]
[Result "1-0"]
[WhiteElo "1546"]
[BlackElo "1368"]

1. e4 e5 2. Nf3 d6 3. d4 Bg4 4. Be2 Nf6 5. dxe5 Bxf3 6. Bxf3 Nfd7 7. Qd5 dxe5 8.
Qxb7 Nb6 9. Be3 Qd6 10. Bxb6 Qb4+ 11. Nd2 1-0

[Event "AUTO-OPEN-257"]
[Site "http://www.queenalice.com/game.php?id=65344"]
[Date "2006.4.24"]
[Round "1"]
[White "MarceloLopes"]
[Black "alicor"]
[Result "1-0"]
[WhiteElo "1642"]
[BlackElo "1660"]

1. e4 e5 2. d3 d5 3. Nc3 d4 4. Nb1 Nf6 5. Nf3 Nc6 6. Bd2 Bb4 7. Bxb4 Nxb4 8.
Nxe5 Qd6 9. Nc4 Qf4 10. Qd2 Qxd2+ 11. Kxd2 Ng4 12. Nba3 a6 13. Be2 Be6 14. c3
Nc6 15. cxd4 Nxd4 16. Bxg4 Bxg4 17. f3 Bd7 18. Nc2 1-0

[Event "AUTO-OPEN-257"]
[Site "http://www.queenalice.com/game.php?id=65345"]
[Date "2006.4.24"]
[Round "1"]
[White "alicor"]
[Black "MarceloLopes"]
[Result "0-1"]
[WhiteElo "1637"]
[BlackElo "1659"]

1. e4 e5 2. Nf3 d6 3. Bc4 Nh6 4. d4 exd4 5. Qxd4 Nc6 6. Qc3 f6 7. Bb5 Bd7 8. Nd4
Nxd4 9. Bxd7+ Qxd7 10. Qxd4 f5 11. Bxh6 fxe4 12. Qxe4+ Qe7 13. Qxe7+ Bxe7 14.
Be3 Bf6 15. c3 O-O-O 16. Na3 Rde8 17. Kd2 Rhf8 18. f3 h6 19. Rae1 Bg5 0-1

[Event "AUTO-OPEN-257"]
[Site "http://www.queenalice.com/game.php?id=65382"]
[Date "2006.4.24"]
[Round "1"]
[White "joaoreis001"]
[Black "alicor"]
[Result "0-1"]
[WhiteElo "1557"]
[BlackElo "1591"]

1. Nf3 d5 2. g3 Nc6 3. Bg2 e6 4. O-O Bd7 5. d4 h5 6. Bg5 f6 7. Bf4 g5 8. Bd2 h4
9. g4 h3 10. Bh1 Nh6 11. Ne1 Nxg4 12. f3 Nh6 13. c3 Bd6 14. Nd3 Qe7 15. f4 g4
16. Kf2 e5 17. Bxd5 exd4 18. Qe1 f5 19. c4 Nb4 20. Bxb7 Rb8 21. Bh1 Nc2 22. Qd1
Qh4+ 23. Kg1 g3 24. Be1 gxh2+ 25. Kxh2 Ng4+ 26. Kg1 h2+ 27. Kg2 Qh3# 0-1

[Event "AUTO-OPEN-257"]
[Site "http://www.queenalice.com/game.php?id=65383"]
[Date "2006.4.24"]
[Round "1"]
[White "alicor"]
[Black "joaoreis001"]
[Result "1-0"]
[WhiteElo "1624"]
[BlackElo "1557"]

1. e4 e5 2. Nf3 Nc6 3. Bb5 a6 4. Bxc6 bxc6 5. d4 Nf6 6. Nxe5 Nxe4 7. Qf3 Nf6 8.
O-O Bb7 9. Re1 Be7 10. Bg5 Rb8 11. Nc3 d6 12. Nxc6 Bxc6 13. Qxc6+ Nd7 14. Rxe7+
Qxe7 15. Bxe7 Kxe7 16. Re1+ Kd8 17. Nd5 Rc8 18. Re7 Nb8 19. Qb7 Nd7 20. Qxa6 Rf8
21. g3 Nb8 22. Qb7 Nd7 23. a4 g6 24. a5 Nb8 25. Rxc7 Rxc7 26. Qxc7+ Ke8 27. Qe7#
1-0

[Event "AUTO-OPEN-258"]
[Site "http://www.queenalice.com/game.php?id=65687"]
[Date "2006.4.27"]
[Round "1"]
[White "alicor"]
[Black "fpferreira"]
[Result "1-0"]
[WhiteElo "1528"]
[BlackElo "1276"]

1. e4 e5 2. Nf3 Nc6 3. Bb5 Nf6 4. d3 Nd4 5. Nxd4 exd4 6. Bg5 h6 7. Bh4 g5 8. Bg3
Bb4+ 9. Nd2 c6 10. Bc4 Qa5 11. Be5 Ke7 12. Bxd4 Bxd2+ 13. Qxd2 Qc7 14. Qe2 Qf4
15. g3 Qg4 16. Qxg4 Nxg4 17. Bxh8 d6 18. h3 Ne5 19. Bxe5 dxe5 20. h4 f6 21. hxg5
fxg5 22. Rxh6 b5 23. Bb3 Bb7 24. Rh7+ Kd8 25. Rxb7 1-0

[Event "AUTO-OPEN-258"]
[Site "http://www.queenalice.com/game.php?id=65688"]
[Date "2006.4.27"]
[Round "1"]
[White "fpferreira"]
[Black "alicor"]
[Result "0-1"]
[WhiteElo "1270"]
[BlackElo "1492"]

1. e4 e5 2. Nf3 Nc6 3. Nc3 Nf6 4. d3 Bc5 5. Nd5 Nxd5 6. Bg5 Nf6 7. Be2 d6 8. O-O
h6 9. Bh4 Nd4 10. Nd2 Nxe2+ 11. Qxe2 Bg4 12. Nf3 g5 13. Bg3 Nh5 14. h3 Nxg3 15.
Qd2 Bxf3 16. Rfe1 g4 17. hxg4 Qh4 0-1

[Event "AUTO-OPEN-258"]
[Site "http://www.queenalice.com/game.php?id=65689"]
[Date "2006.4.27"]
[Round "1"]
[White "alicor"]
[Black "fabcosta"]
[Result "0-1"]
[WhiteElo "1671"]
[BlackElo "1686"]

1. e4 c5 2. Bc4 Nc6 3. Qf3 Nf6 4. d3 Nd4 5. Qd1 d5 6. exd5 Nxd5 7. Nf3 Bg4 8.
Nbd2 Nb4 9. Bb3 e6 10. c3 Nxd3+ 11. Kf1 Nxb3 12. Qxb3 Qd7 13. Qc4 e5 14. h3 Bf5
15. g4 b5 16. Qb3 Be6 17. Qc2 h5 18. Ng5 Bd5 19. Qxd3 Bc4 20. Qxc4 bxc4 21. Nge4
hxg4 22. h4 Be7 23. h5 f5 24. Ng3 Bg5 25. a3 Bxd2 26. Bxd2 Qxd2 27. Re1 O-O 28.
h6 gxh6 29. Re2 Qd3 30. Rxh6 f4 31. Ne4 f3 32. Rd6 Qxe2+ 33. Kg1 Qe1+ 0-1

[Event "AUTO-OPEN-258"]
[Site "http://www.queenalice.com/game.php?id=65690"]
[Date "2006.4.27"]
[Round "1"]
[White "fabcosta"]
[Black "alicor"]
[Result "1-0"]
[WhiteElo "1800"]
[BlackElo "1677"]

1. c4 e5 2. Nc3 Nf6 3. g3 Bc5 4. Bg2 Ng4 5. e3 d6 6. d4 exd4 7. exd4 Qe7+ 8. Qe2
Bxd4 9. Qxe7+ Kxe7 10. Nd5+ Kd8 11. Ne2 Bxf2+ 12. Kf1 c6 13. h3 cxd5 14. hxg4
Bc5 15. Bxd5 Nc6 16. g5 Be6 17. g6 h6 18. Nf4 Bxd5 19. cxd5 Nd4 20. Be3 fxg6 21.
Bxd4 Bxd4 22. Ne6+ Kd7 23. Nxd4 Rac8 24. Rd1 Rc5 25. Ne6 Rc2 26. Rh4 Rhc8 27.
Rf4 Rh2 28. Rf7+ Ke8 29. Rf8+ Kd7 30. Rxc8 Kxc8 31. Rc1+ Kb8 32. Rc7 Rxb2 33.
Rxg7 a6 34. Rxg6 Rd2 35. Rxh6 Rxd5 36. Rh8+ 1-0

[Event "AUTO-OPEN-258"]
[Site "http://www.queenalice.com/game.php?id=65691"]
[Date "2006.4.27"]
[Round "1"]
[White "alicor"]
[Black "juster"]
[Result "1-0"]
[WhiteElo "1664"]
[BlackElo "1468"]

1. e4 e5 2. Nf3 Nc6 3. Bc4 Bc5 4. d3 Nf6 5. Ng5 O-O 6. Nc3 d6 7. Nd5 Nd4 8. c3
Nc6 9. Qf3 Nxd5 10. Bxd5 h6 11. Nxf7 Qe7 12. Nxh6+ Kh7 13. Nf7 Be6 14. Qh5+ Kg8
15. Bxe6 Qxe6 16. Ng5 Bxf2+ 17. Ke2 Qh6 18. Qxh6 gxh6 19. Ne6 Rf6 20. Rf1 Rxe6
21. Rxf2 Rg6 22. Be3 b6 23. Raf1 a5 24. g3 1-0

[Event "AUTO-OPEN-258"]
[Site "http://www.queenalice.com/game.php?id=65692"]
[Date "2006.4.27"]
[Round "1"]
[White "juster"]
[Black "alicor"]
[Result "0-1"]
[WhiteElo "1508"]
[BlackElo "1652"]

1. d4 Nf6 2. e3 d5 3. c4 e6 4. Nc3 Bb4 5. Bd2 O-O 6. Nf3 Nc6 7. Qb3 a5 8. a3 Bd6
9. g3 b6 10. Bg2 h6 11. cxd5 exd5 12. Nxd5 Be6 13. Nxf6+ Qxf6 14. Qc2 Bd5 15.
Qd1 Rae8 16. O-O g5 17. Re1 Re7 18. h4 g4 19. Nh2 Bxg2 20. Qxg4+ Qg6 21. Kxg2 h5
22. Qxg6+ fxg6 23. Rec1 Nd8 24. Nf3 Ref7 25. e4 Rxf3 26. e5 Rxf2+ 0-1